00737nam a22001937a 4500999001900000005001700019010001300036020002600049035001300075037000900088082001300097100001700110245009100127260004500218270006300263300002600326942002700352952016400379 c181211d18121120210906122332.0 aB-741390 a9780195645835c325.00 aB-741390 bGift a954.0019 aNandy, Ashis aThe savage Freud and other essays on possible and retrievable selves /cby Ashis Nandy bOxford University PressaNew Delhic2011 aYMCA Library Building, 1 Jai Singh RoadbNew Delhie110001 axii, 275p.c21cm(pbk) 2ddccENh954.0019mNAN 001040708NFICaLbLd2021-09-06eGift/Eng/18-08-2021g325.00l2m3o954.0019 NANpB-741390r2026-05-16 11:56:50s2026-04-23t1v325.00w2021-09-06yENzGift